01270 a2200193 4500003000500000005001700005020001500022040000900037082001400046100002400060245003800084260002900122300001600151505072500167650001900892942002300911999001900934952012300953NUST20221123170243.0 a8129701332 cNust a519.5,SHA aSharma J. K9102409 aBusiness statistics /cJ.K Sharma aNew DelhibPearsonc2004 axvi 783:p.: aStatistics An Overview (Page-1), Data Classification Tabulation and Presentation (Page-27), Measure of Central Tendency (Page-86), Measures of Dispersion (Page-143), Skewness, Moments and Kurtosis (Page-184), Fundamental of Probability (Page-210), Probability Distributions (Page-251), Sampling and Sampling Distributions (Page-297), Estimation and Confidence Intervals (Page-322), Hypothesis Testing (Page-345), CHI-Square Test (Page-397), Analysis of Variance (Page-431), Correlation Analysis (Page-460), Regression (Page-497), Partial and Multiple Correlation (Page-532), Forecasting and Time Series (Page-557), Index Numbers (Page-618), Statistical Quality Control (Page-682), Statistical Decision Theory (Page-724). aStatistics969 2ddccBKk519.5,SHA c184822d184822 00102ddc4070aMCSbMCScGENd2016-12-12o519.5,SHApMCS31091r2016-12-08w2016-12-12yBKzAlmirah No.14, Shelf No.5